OBSAH ASIMILAČNÝCH PIGMENTOV V LISTOCH MÄTONOHU TRVÁCEHO A LIPNICE LÚČNEJ V BEZZÁVLAHOVÝCH PODMIENKACH

Bibliographic Details
Main Authors: Kovár, Peter (Author), Bačová, Slávka (Author)
Format: Article
Language:Slovak
ISBN:9788055206073

MARC

LEADER 00000naa a2200000uu 4500
001 vtls011034075
003 SK-MaSNL
005 20260302124813.0
008 210907|2011 xo |||||||||||||||||slo|
015 |a SNBRA 
035 |a (urnnbn)urn:nbn:sk:snk:ar-008sk6 
035 |a (uuid)eb61fbac-c22d-4115-b353-f9655418eb98 
035 |a urn:nbn:sk:snk-aauoe9 
040 |a SNKBUCL  |b slo  |c SNKBUCL  |e AACR2 
041 0 |a slo 
044 |a xo  |c SK 
100 1 |a Kovár, Peter  |4 aut  |9 368518 
245 1 0 |a OBSAH ASIMILAČNÝCH PIGMENTOV V LISTOCH MÄTONOHU TRVÁCEHO A LIPNICE LÚČNEJ V BEZZÁVLAHOVÝCH PODMIENKACH  |c Peter KOVÁR, Slávka BAČOVÁ 
246 3 |a THE CONCENTRATION OF ASSIMILATION PIGMENTS IN LOLIUM PERENNE L. AND POA PRATENSIS L. CULTIVATED IN NON-IRRIGATION CONDITIONS 
700 1 |a Bačová, Slávka  |4 aut  |9 811166 
773 0 |t Trávniky v meniacich sa podmienkach klímy  |d Nitra : Slovenská poľnohospodárska univerzita, 2011  |g S. 19-26  |z 9788055206073 
958 |a OND 
958 |a article12 
958 |a chapter 
999 |c 1290190  |d 1292120